| 000 -ლიდერი |
| ფიქსირებული სიგრძის საკონტროლო ველი |
01651nam a2200277Ia 4500 |
| 001 - საკონტროლო ნომერი |
| საკონტროლო ველი |
3601 |
| 003 - საკონტროლო ნომრის იდენტიფიკატორი |
| საკონტროლო ველი |
GE_BSU |
| 005 - ბოლო ოპერაციის თარიღი და დრო |
| საკონტროლო ველი |
20230306163215.0 |
| 008 - ფიქსირებული სიგრძის მონაცემთა ელემენტები - ზოგადი ინფორმაცია |
| ფიქსირებული სიგრძის საკონტროლო ველი |
181216s2001||||ge |||||||||||||| ||geo|| |
| 020 ## - წიგნის საერთაშორისო სტანდარტული ნომერი |
| International Standard Book Number |
9992848804 |
| 040 ## - კატალოგიზაციის წყარო |
| Transcribing agency |
GE_BSU |
| 041 ## - ენის კოდი |
| Language code of text/sound track or separate title |
geo |
| 080 ## - უნივერსალური ათობითი კლასიფიკაციის ინდექსი |
| Universal Decimal Classification number |
32.001(479.22) მ–54 |
| 100 ## - მთავარი ჩანაწერი - პიროვნების სახელი |
| Personal name |
მელქაძე, ო. |
| 9 (RLIN) |
2876 |
| 245 ## - ცნობა სათაურის შესახებ |
| Title |
პოლიტიკური ხელისუფლების ორგანიზაცია საპარლამენტო სისტემის ქვეყნებში (ქართულ პრობლემებთან დაკავშირებით) / |
| Statement of responsibility, etc |
ო. მელქაძე, ო. მახარაძე ; რედ.: ლია შარვაშიძე ; მსოფლიო პარლამენტარიზმის კვლევ. ცენტრი. |
| 264 ## - წარმოების, გამოცემის, დისტრიბუციის და სხვა ცნობები |
| გამოცემის, წარმოების, დისტრიბუციის... ადგილი |
ბათუმი : |
| გამოცემის, წარმოების, დისტრიბუციის... სახელწოდება |
ბათუმის უნ-ტი, |
| გამოცემის, წარმოების, დისტრიბუციის... თარიღი |
2001. |
| 300 ## - ფიზიკური აღწერა |
| Extent |
244 გვ. ; |
| Other physical details |
20 სმ. |
| 490 ## - სერიის ცნობა |
| Series statement |
პოლიტიკურ-სამართლებრივი ლიტერატურის სერია; |
| Volume number/sequential designation |
წ. 14 |
| 504 ## - BIBLIOGRAPHY, ETC. NOTE |
| Bibliography, etc |
ბიბლიოგრ. ტექსტ. შენიშვნ. |
| 520 ## - SUMMARY, ETC. |
| Summary, etc |
რეზ. რუს. ენ.. |
| 653 ## - INDEX TERM--UNCONTROLLED |
| Uncontrolled term |
ქართული პოლიტოლოგია |
| 653 ## - INDEX TERM--UNCONTROLLED |
| Uncontrolled term |
სახელმწიფო, როგორც პოლიტიკური ხელისუფლება |
| 700 ## - ADDED ENTRY--PERSONAL NAME |
| Personal name |
მახარაძე, ო. |
| Relator term |
ავტორი |
| 9 (RLIN) |
2877 |
| 700 ## - ADDED ENTRY--PERSONAL NAME |
| Personal name |
შარვაშიძე, ლია |
| Relator term |
რედაქტორი |
| 9 (RLIN) |
5787 |
| 942 ## - ADDED ENTRY ELEMENTS (KOHA) |
| Koha item type |
წიგნი |
| Source of classification or shelving scheme |
|